Missae in agenda defunctorum tantum deservientes ex missali romano recognito desumptae cum ordinario, et canone ut in ipsis...

Detalles Bibliográficos
Formato: Libro
Publicado: Roma 1834
Materias:
Colección:Banco de datos
Acervo:Biblioteca del Ex Convento de Nuestra Señora de Guadalupe. Zacatecas
Tema general:Liturgia
Notas:Regular. IV,12,17(1377). Sin marca de fuego
LEADER 00721nam a22001810004500
035 |a 40648 
036 |a 1832 
245 1 0 |a Missae in agenda defunctorum tantum deservientes ex missali romano recognito desumptae cum ordinario, et canone ut in ipsis... 
260 |a Roma  |b imp. Petrum Aurelium  |c 1834 
500 |a Regular. IV,12,17(1377). Sin marca de fuego 
650 1 0 |a Liturgia 
949 |a CRZ-CG 
959 |a Ex convento de Nuestra Señora de Guadalupe, Museo Regional de Zacatecas, Zacatecas  |b CCC4 
960 |a Convento de Nuestra Señora de Guadalupe, Zacatecas  |b DD87 
961 |a Franciscana  |b OF 
942 |c CRZ-CG 
943 |g Biblioteca del Ex Convento de Nuestra Señora de Guadalupe. Zacatecas 
999 |c 964775  |d 964775